000 00713cam a2200217 4500
001 WB3644-19
008 000000n2000 000 0 eng u
035 _a(Sirsi) u109230
245 _aVibration depreciates values
260 _c2000
490 _aEvening Standard
_v 3 November 2000, 21(1)
520 _aResidents in Notting Hill are complaining that vibrations from the Underground are damaging their homes in value as well as physically.
590 _aWB
650 _aUNDERGROUND VIBRATIONS
650 _aLONDON UNDERGROUND LTD
650 _aDAMAGE TO PROPERTY
650 _aHOUSE VALUES
650 _aVALUE
690 _aPROPERTY-RESIDENTIAL PROPERTY-RESIDENTIAL PROPERTY MARKET
942 _n0
999 _c65204
_d65204